Southville International School and Colleges
Your cart is empty.
  • Cart
  • Lists
    Public lists Eva Luna New books Lux_list list_1
    Your lists Log in to create your own lists
  • Log in to your account
  • Your cookies
  • Search history
Southville International School and Colleges
  • Advanced search
  • Recent comments
  • Most popular
  • Libraries

Log in to your account

Log in with GOOGLE


If you do not have an external account, but do have a local account, you can still log in:

  1. Home
  2. MARC view: Living things:
Normal view MARC view ISBD view

Living things: (Record no. 115039)

[ view plain ]
MARC details
000 -LEADER
fixed length control field 00493nam a2200181 a 4500
005 - DATE AND TIME OF LATEST TRANSACTION
control field 20140414132120.0
008 - FIXED-LENGTH DATA ELEMENTS--GENERAL INFORMATION
fixed length control field 121022s19uu xx 00 eng d
020 ## - INTERNATIONAL STANDARD BOOK NUMBER
International Standard Book Number 813673097
050 ## - LIBRARY OF CONGRESS CALL NUMBER
Classification number BB
Item number Li784 1993
100 ## - MAIN ENTRY--PERSONAL NAME
Personal name Holloway, Judith
245 ## - TITLE STATEMENT
Title Living things:
Remainder of title concept science.
260 ## - PUBLICATION, DISTRIBUTION, ETC. (IMPRINT)
Place of publication, distribution, etc Cleveland,Ohio :
Name of publisher, distributor, etc Modern Curriculum Press,
Date of publication, distribution, etc 1993.
300 ## - PHYSICAL DESCRIPTION
Extent 17
650 ## - SUBJECT ADDED ENTRY--TOPICAL TERM
Topical term or geographic name as entry element Living things-animals.
700 ## - ADDED ENTRY--PERSONAL NAME
Personal name Clive Harper
700 ## - ADDED ENTRY--PERSONAL NAME
Personal name Stan Chan (illustrator)
Holdings
Withdrawn status Lost status Damaged status Use restrictions Home library Current library Shelving location Date acquired Source of acquisition Total Checkouts Full call number Barcode Date last seen Price effective from Koha item type
        Munich Library Munich Library Big Books Section 10/22/2012     BB Li784 1993 M7019 04/14/2014 04/14/2014 Books

Living things:

APA

Holloway J., Clive Harper & Stan Chan (illustrator). (1993). Living things. Cleveland,Ohio: Modern Curriculum Press.

Chicago

Holloway Judith, Clive Harper and Stan Chan (illustrator). 1993. Living things. Cleveland,Ohio: Modern Curriculum Press.

Harvard

Holloway J., Clive Harper and Stan Chan (illustrator). (1993). Living things. Cleveland,Ohio: Modern Curriculum Press.

MLA

Holloway Judith, Clive Harper and Stan Chan (illustrator). Living things. Cleveland,Ohio: Modern Curriculum Press. 1993.

  • Place hold
  • Print
  • Cite
  • Add to your cart (remove)
  • Save record
    BIBTEX Dublin Core MARCXML MARC (non-Unicode/MARC-8) MARC (Unicode/UTF-8) MARC (Unicode/UTF-8, Standard) MODS (XML) RIS
  • More searches
    Search for this title in:
    Other Libraries (WorldCat) Other Databases (Google Scholar) Online Stores (Bookfinder.com) Open Library (openlibrary.org)

Exporting to Dublin Core...

SOUTHVILLE LIBRARY

Southville International School and Colleges Library

1281 Tropical Ave. Cor. Luxembourg St., BF Homes International, Las Pinas City

Tel. No. 8256374 / 252358 Loc. 117/146

Powered by Koha